[Event "TCh-RUS Rapid 2017"]
[Site "Sochi RUS"]
[Date "2017.10.03"]
[Round "1.5"]
[Board "1"]
[White "Jakovenko, Dmitry"]
[Black "Tekeyev, Zaur"]
[Result "1-0"]
[WhiteTitle "GM"]
[BlackTitle "FM"]
[WhiteElo "2710"]
[BlackElo "2380"]
[WhiteTeam "Ugra (Khanty-Mansi Autonomous District)"]
[BlackTeam "Stavropol region"]
[WhiteFideId "4122356"]
[BlackFideId "4199731"]
[EventDate "2017.10.03"]

1. e4 c5 2. Nf3 Nc6 3. Nc3 e5 4. Bc4 Be7 5. d3 d6 6. O-O Nf6 7. h3 O-O 8. a3 a6
9. Nd5 Be6 10. c3 Bxd5 11. exd5 Nb8 12. a4 Nbd7 13. a5 Ne8 14. b4 Rc8 15. Re1
Kh8 16. bxc5 Rxc5 17. Qb3 Rxa5 18. Rxa5 Qxa5 19. Qxb7 Nc7 20. Bd2 Qb6 21. Rb1
Qxb7 22. Rxb7 Rc8 23. d4 exd4 24. Nxd4 Nc5 25. Ra7 g6 26. Nc6 Bf8 27. Be3 Ne4
28. f3 Nf6 29. Bd4 Kg7 30. g4 g5 31. h4 h6 32. f4 gxh4 33. g5 hxg5 34. fxg5 Ne8
35. Bxa6 Rc7 36. gxf6+ Kg6 37. Ra8 1-0

[Event "TCh-RUS Rapid 2017"]
[Site "Sochi RUS"]
[Date "2017.10.03"]
[Round "2.3"]
[Board "3"]
[White "Belyakov, Bogdan"]
[Black "Popov, Ivan RUS"]
[Result "1/2-1/2"]
[WhiteTitle "IM"]
[BlackTitle "GM"]
[WhiteElo "2486"]
[BlackElo "2609"]
[WhiteTeam "YAMAL (YANAO)"]
[BlackTeam "Legends of Moscow (Moscow)"]
[WhiteFideId "24104795"]
[BlackFideId "4170350"]
[EventDate "2017.10.03"]

1. e4 c6 2. d4 d5 3. Nc3 dxe4 4. Nxe4 Bf5 5. Ng3 Bg6 6. h4 h6 7. Nf3 e6 8. h5
Bh7 9. Bd3 Bxd3 10. Qxd3 Nf6 11. Bd2 Be7 12. Ne4 O-O 13. O-O-O Nxe4 14. Qxe4 Qd5
15. Qxd5 cxd5 16. g4 Nc6 17. c3 Rac8 18. Kb1 b5 19. g5 hxg5 20. Bxg5 f6 21. Bd2
Kf7 22. Nh4 Rh8 23. Ng6 Rh7 24. Rde1 Bd6 25. Bf4 Rd8 26. Bxd6 Rxd6 27. Kc2 b4
28. Kd3 bxc3 29. bxc3 Ne7 30. Rb1 Rb6 31. Rxb6 axb6 32. Nxe7 Kxe7 33. Rb1 Rxh5
34. Rxb6 Rh3+ 35. Kc2 g5 36. Rb2 g4 37. a4 Rh2 38. Kb3 Kd6 39. a5 Rh1 40. Ra2
Rb1+ 41. Kc2 Rb7 42. a6 Ra7 43. Kd3 Kc6 44. Re2 Kd6 45. Ra2 Kc7 46. c4 dxc4+ 47.
Kxc4 Kb6 48. Re2 Rc7+ 49. Kd3 Rc6 50. Ra2 Ka7 51. Ke4 Rc4 52. Ke3 f5 53. Ra5
Rc3+ 54. Ke2 Rc4 55. Re5 Rxd4 56. Rxe6 Ra4 57. Rf6 f4 58. Rg6 f3+ 59. Ke3 Rb4 1/2-1/2

[Event "TCh-RUS Rapid 2017"]
[Site "Sochi RUS"]
[Date "2017.10.03"]
[Round "2.6"]
[Board "4"]
[White "Barskij, Vladimir"]
[Black "Hasangatin, Ramil"]
[Result "1/2-1/2"]
[WhiteTitle "IM"]
[BlackTitle "GM"]
[WhiteElo "2386"]
[BlackElo "2502"]
[WhiteTeam "Gogol Mogol (Moscow)"]
[BlackTeam "Rook (Republic of Tatarstan)"]
[WhiteFideId "4105818"]
[BlackFideId "4122160"]
[EventDate "2017.10.03"]

1. e4 d5 2. exd5 Qxd5 3. Nc3 Qd6 4. d4 Nf6 5. Nb5 Qd8 6. c4 c6 7. Nc3 g6 8. Nf3
Bg7 9. Be2 O-O 10. O-O Ne8 11. h3 Nd6 12. Bf4 Nd7 13. Qd2 Re8 14. Rad1 Nf6 15.
Be5 Be6 16. b3 Nde4 17. Nxe4 Nxe4 18. Qe3 Nf6 19. Ng5 Bf5 20. g4 Bc8 21. f4 Bh6
22. Bd3 Nd7 23. Qg3 Nxe5 24. dxe5 Bxg5 25. fxg5 Be6 26. Kg2 Qa5 27. Rf2 Rad8 28.
Rdf1 Rd4 29. Bf5 gxf5 30. gxf5 Bc8 31. g6 Rd2 32. gxh7+ Kh8 33. f6 exf6 34. exf6
Rxf2+ 35. Rxf2 Bxh3+ 36. Qxh3 Qg5+ 37. Qg3 Qxg3+ 38. Kxg3 Kxh7 39. Rd2 Kg6 40.
Rd7 Rb8 41. Rd6 Kf5 42. c5 Ke5 43. Kf3 a5 44. Ke3 Rh8 45. Rd7 Rh3+ 46. Kd2 Kxf6
47. Rxb7 Ke6 48. Rc7 Kd5 49. Rxf7 Kxc5 50. Rf5+ Kb6 51. Kc2 Rh2+ 52. Kb1 Rg2 53.
Rf4 Kb5 54. Rc4 Rh2 1/2-1/2

[Event "TCh-RUS Rapid 2017"]
[Site "Sochi RUS"]
[Date "2017.10.03"]
[Round "3.3"]
[Board "1"]
[White "Rakhmanov, Aleksandr"]
[Black "Fedoseev, Vladimir3"]
[Result "0-1"]
[WhiteTitle "GM"]
[BlackTitle "GM"]
[WhiteElo "2654"]
[BlackElo "2733"]
[WhiteTeam "The team of the Vologda region"]
[BlackTeam "Friends of Ivan Bukavshin (Samara)"]
[WhiteFideId "4173708"]
[BlackFideId "24130737"]
[EventDate "2017.10.03"]

1. c4 c6 2. d4 d5 3. cxd5 cxd5 4. Bf4 Nc6 5. e3 Bf5 6. Nc3 e6 7. Qb3 Bb4 8. Bb5
Qa5 9. Bxc6+ bxc6 10. Rc1 Qb6 11. Ne2 Bd3 12. f3 Bc4 13. Qc2 Nf6 14. Kf2 O-O 15.
b3 Ba6 16. Na4 Qb5 17. Bg3 Rfc8 18. Nf4 Nd7 19. Ne2 Ba3 20. Rcd1 c5 21. Qd2 Bb4
22. Qb2 Qxe2+ 23. Qxe2 Bxe2 24. Kxe2 cxd4 25. Rxd4 Rc2+ 26. Kd1 Rxa2 27. Rxb4
Ra1+ 28. Ke2 Rxh1 29. Rb7 Nb6 30. Nxb6 axb6 31. Rxb6 h5 32. b4 Ra3 33. b5 Rb1
34. Be5 f6 0-1

[Event "TCh-RUS Rapid 2017"]
[Site "Sochi RUS"]
[Date "2017.10.03"]
[Round "3.4"]
[Board "3"]
[White "Usmanov, Vasily"]
[Black "Oganian, Miran"]
[Result "1-0"]
[WhiteTitle "IM"]
[BlackTitle "IM"]
[WhiteElo "2463"]
[BlackElo "2454"]
[WhiteTeam "SDYUSSHOR ShSh (St. Petersburg)"]
[BlackTeam "AQ (Krasnodar Territory)"]
[WhiteFideId "4135741"]
[BlackFideId "4122488"]
[EventDate "2017.10.03"]

1. d4 Nf6 2. c4 e6 3. Nc3 Bb4 4. e3 O-O 5. Ne2 c6 6. a3 Ba5 7. b4 Bc7 8. e4 d6
9. Ng3 e5 10. d5 a5 11. Bb2 Bb6 12. Bd3 Ng4 13. c5 dxc5 14. bxa5 c4 15. axb6
Qxb6 16. Qd2 cxd3 17. O-O Nd7 18. a4 Re8 19. Rfb1 Nc5 20. Ba3 Qa7 21. h3 Nf6 22.
Qe3 Ncd7 23. Qxd3 Qd4 24. Qc2 cxd5 25. Nf5 Qa7 26. exd5 Nf8 27. Nd6 Rd8 28. Ndb5
Qb6 29. Be7 Rd7 30. d6 Qc6 31. Qe2 Ng6 32. Bxf6 gxf6 33. Ne4 Kg7 34. Rc1 Qb6 35.
Nc7 Rb8 36. Ne8+ Kf8 37. N8xf6 Rxd6 38. Nxd6 Qxd6 39. Nxh7+ Kg7 40. Ng5 Nf4 41.
Qe4 Qf6 42. Qh7+ Kf8 43. Rc7 Be6 44. Ne4 Qg7 45. Qxg7+ Kxg7 46. a5 Bd5 47. Re1
Ra8 48. Nc3 Bxg2 49. Rxe5 Bc6 50. Rf5 Nxh3+ 51. Kh2 Rh8 52. Rfxf7+ Kg6 53. Rg7+
Kf6 54. Rcf7+ Ke6 55. Re7+ Kd6 56. Kg3 Ng5 57. Re3 Rh3+ 58. Kg4 1-0

[Event "TCh-RUS Rapid 2017"]
[Site "Sochi RUS"]
[Date "2017.10.03"]
[Round "3.7"]
[Board "4"]
[White "Lugovskoy, Maxim"]
[Black "Domogaev, Sergey"]
[Result "1-0"]
[WhiteTitle "GM"]
[BlackTitle "GM"]
[WhiteElo "2474"]
[BlackElo "2412"]
[WhiteTeam "Locomotive (Moscow)"]
[BlackTeam "Tula (Tula region)"]
[WhiteFideId "24126454"]
[BlackFideId "24103608"]
[EventDate "2017.10.03"]

1. e4 a6 2. d4 c5 3. c3 cxd4 4. cxd4 d5 5. exd5 Nf6 6. Nf3 g6 7. Nc3 Bg7 8. Be2
O-O 9. Ne5 Nxd5 10. Qb3 Nxc3 11. bxc3 Be6 12. Qb2 Nc6 13. Nxc6 bxc6 14. O-O Bd5
15. Qa3 e5 16. c4 Be6 17. dxe5 Bxe5 18. Bb2 Bxb2 19. Qxb2 c5 20. Rfd1 Qg5 21. g3
Rab8 22. Qc3 Rfd8 23. Bf1 Bg4 24. Rxd8+ Rxd8 25. Re1 Be6 26. h4 Qd2 27. Qe5 Qd6
28. Qf6 Qd4 29. Re5 h5 30. Qg5 Kg7 31. Rxc5 Rd7 32. Qe5+ Qxe5 33. Rxe5 Rd1 34.
Kg2 Rc1 35. Rc5 a5 36. a4 Bd7 37. Be2 Bxa4 38. Rxa5 Bc6+ 39. f3 Rc2 40. Kf2 Bd7
41. Ke3 Bf5 42. c5 Kf6 43. Ra6+ Ke5 44. f4+ Kd5 45. Bf3+ Kxc5 46. Rc6+ Kb5 47.
Rxc2 Bxc2 48. Kd4 f6 49. Kd5 Bb3+ 50. Kd6 Kc4 51. Bd5+ 1-0

[Event "TCh-RUS Rapid 2017"]
[Site "Sochi RUS"]
[Date "2017.10.03"]
[Round "3.8"]
[Board "4"]
[White "Kamrukov, Alexey"]
[Black "Barskij, Vladimir"]
[Result "1/2-1/2"]
[WhiteTitle "FM"]
[BlackTitle "IM"]
[WhiteElo "2296"]
[BlackElo "2386"]
[WhiteTeam "Novosibirsk State Technical University"]
[BlackTeam "Gogol Mogol (Moscow)"]
[WhiteFideId "4169018"]
[BlackFideId "4105818"]
[EventDate "2017.10.03"]

1. d4 Nf6 2. c4 e6 3. Nf3 d5 4. Nc3 Be7 5. e3 O-O 6. Bd3 dxc4 7. Bxc4 a6 8. O-O
b5 9. Bd3 Bb7 10. Qe2 c5 11. a3 Nbd7 12. Rd1 Qb6 13. Bc2 Rfd8 14. dxc5 Nxc5 15.
Rxd8+ Rxd8 16. e4 Ncxe4 17. Nxe4 Bxe4 18. Bxe4 Nxe4 19. Qxe4 Rd1+ 20. Ne1 Qc6
21. Qe3 Bf6 22. g3 Bd4 23. Qe2 Rxc1 24. Rxc1 Qxc1 25. Qe4 g6 26. Qxd4 Qxe1+ 27.
Kg2 h5 28. h4 Qe2 29. Qd8+ Kh7 30. Qa8 Qxb2 31. Qxa6 Qb3 32. Qa7 Qd5+ 33. Kh2
Qf5 34. Qe3 Kg8 35. Qa7 Qd5 36. Qe3 Kg7 37. Qa7 e5 38. Qa6 Qc4 39. Kg2 Qe4+ 40.
Kh2 Qe2 41. Kg2 e4 42. Qa7 Qf3+ 43. Kg1 Qd1+ 44. Kg2 Qd5 45. Qe3 Kf6 46. Qb6+
Ke5 47. Kh2 Qc4 48. Kg2 Kf5 49. Qe3 Kf6 50. Qb6+ Kg7 51. Qa7 Qd3 52. Qc5 Qf3+
53. Kg1 e3 54. Qe5+ Kf8 55. fxe3 Qd1+ 1/2-1/2

[Event "TCh-RUS Rapid 2017"]
[Site "Sochi RUS"]
[Date "2017.10.03"]
[Round "4.5"]
[Board "4"]
[White "Barskij, Vladimir"]
[Black "Lugovskoy, Maxim"]
[Result "0-1"]
[WhiteTitle "IM"]
[BlackTitle "GM"]
[WhiteElo "2386"]
[BlackElo "2474"]
[WhiteTeam "Gogol Mogol (Moscow)"]
[BlackTeam "Locomotive (Moscow)"]
[WhiteFideId "4105818"]
[BlackFideId "24126454"]
[EventDate "2017.10.03"]

1. e4 e6 2. Nf3 d5 3. Nc3 Nf6 4. e5 Nfd7 5. d4 c5 6. dxc5 Be7 7. Bf4 O-O 8. Qd2
Nxc5 9. Be2 b6 10. O-O Ba6 11. Bxa6 Nbxa6 12. a3 Rc8 13. b4 Nd7 14. Nb5 Rc4 15.
Nxa7 Nc7 16. b5 Qa8 17. Nc6 Bc5 18. Bh6 Qa4 19. Bxg7 Kxg7 20. Qg5+ Kh8 21. Qh6
Qxc2 0-1

[Event "TCh-RUS Rapid 2017"]
[Site "Sochi RUS"]
[Date "2017.10.03"]
[Round "4.6"]
[Board "3"]
[White "Rozhko, Dmitry"]
[Black "Moiseenko, Vadim"]
[Result "1/2-1/2"]
[WhiteTitle "FM"]
[BlackTitle "IM"]
[WhiteElo "2311"]
[BlackElo "2543"]
[WhiteTeam "Stavropol region"]
[BlackTeam "The team of the Vologda region"]
[WhiteFideId "4150430"]
[BlackFideId "4123700"]
[EventDate "2017.10.03"]

1. e4 c5 2. c3 d5 3. exd5 Qxd5 4. d4 Nc6 5. Nf3 cxd4 6. cxd4 e5 7. Nc3 Bb4 8.
Be2 exd4 9. O-O Qd8 10. Nb5 Nge7 11. Nbxd4 O-O 12. Nxc6 Nxc6 13. Be3 Be6 14. Nd4
Nxd4 15. Qxd4 Qe7 16. a3 Bd6 17. Bf3 Rfd8 18. Qe4 Rd7 19. Rfd1 a6 20. Bf4 Bxf4
21. Qxf4 Rad8 22. Rxd7 Qxd7 23. h3 Qe7 24. Rc1 b5 25. Rc7 Qd6 26. Qxd6 Rxd6 27.
Rc6 Rxc6 28. Bxc6 Kf8 29. f4 Ke7 30. Kf2 Kd6 31. Bb7 a5 32. Be4 h6 33. b4 axb4
34. axb4 Bd5 35. Ke3 Bxe4 36. Kxe4 g6 37. g4 f6 38. h4 Ke6 39. Kd4 Kd6 40. Ke4 1/2-1/2

[Event "TCh-RUS Rapid 2017"]
[Site "Sochi RUS"]
[Date "2017.10.03"]
[Round "5.1"]
[Board "2"]
[White "Morozevich, Alexander"]
[Black "Riazantsev, Alexander"]
[Result "1/2-1/2"]
[WhiteTitle "GM"]
[BlackTitle "GM"]
[WhiteElo "2665"]
[BlackElo "2666"]
[WhiteTeam "Fighters for the Idea (Moscow)"]
[BlackTeam "Sima-Land Urals"]
[WhiteFideId "4116992"]
[BlackFideId "4125029"]
[EventDate "2017.10.03"]

1. d4 Nf6 2. c4 e6 3. Nc3 Bb4 4. Qc2 d6 5. Bg5 Nbd7 6. e3 b6 7. Ne2 Bb7 8. a3
Bxc3+ 9. Nxc3 h6 10. Bh4 g5 11. Bg3 Nh5 12. O-O-O Qe7 13. Nb5 Nxg3 14. hxg3 Nf6
15. d5 e5 16. Bd3 a6 17. Nc3 Kf8 18. Bf5 Kg7 19. g4 c6 20. dxc6 Bxc6 21. f3 b5
22. Qd2 Rad8 23. cxb5 axb5 24. Kb1 d5 25. Ne2 Rb8 26. Rc1 Rb6 27. b4 Ra6 28. Kb2
Rha8 29. Ra1 Ne8 30. Bd3 Nd6 31. Ng3 Qa7 32. Qc3 d4 33. exd4 exd4 34. Qc5 Rxa3
35. Qxa7 R3xa7 36. Rxa7 Rxa7 37. Ne2 Bd5 38. Ra1 Rxa1 39. Kxa1 Kf6 40. Nxd4 Ke5
41. Nxb5 Nxb5 42. Bxb5 Kf4 43. Bd7 Kg3 44. b5 Kxg2 45. Bc6 Bc4 46. b6 Ba6 47.
Kb2 Kg3 48. Kc3 Kf4 49. Kd4 f5 50. gxf5 Kxf5 51. Kd5 h5 52. Kd6 h4 53. Kc7 Kf4
54. Bb5 h3 55. Bxa6 h2 56. b7 h1=Q 1/2-1/2

[Event "TCh-RUS Rapid 2017"]
[Site "Sochi RUS"]
[Date "2017.10.03"]
[Round "5.2"]
[Board "3"]
[White "Popov, Ivan RUS"]
[Black "Pridorozhni, Aleksei"]
[Result "1/2-1/2"]
[WhiteTitle "GM"]
[BlackTitle "GM"]
[WhiteElo "2609"]
[BlackElo "2565"]
[WhiteTeam "Legends of Moscow (Moscow)"]
[BlackTeam "Ugra (Khanty-Mansi Autonomous District)"]
[WhiteFideId "4170350"]
[BlackFideId "4127870"]
[EventDate "2017.10.03"]

1. e4 e5 2. Nf3 Nc6 3. Bc4 Bc5 4. O-O Nf6 5. d3 d6 6. c3 Bb6 7. a4 a6 8. Re1 O-O
9. h3 Ne7 10. Nbd2 Ng6 11. a5 Ba7 12. Bb3 h6 13. d4 Re8 14. Bc2 Be6 15. Nf1 c6
16. Ng3 Qc7 17. Be3 Rad8 18. Qe2 Qb8 19. Rad1 Bc8 20. b4 b5 21. axb6 Bxb6 22.
Bb3 Qc7 23. Qa2 exd4 24. Bxd4 Bxd4 25. cxd4 Re7 26. Rc1 Qb6 27. Nf5 Rc7 28. Nxd6
Rxd6 29. e5 Rd8 30. exf6 gxf6 31. Qd2 Kg7 32. Rc5 Rb7 33. Rh5 Rh8 34. b5 Re7 35.
Rxe7 Nxe7 36. Qe3 Ng6 37. bxc6 Qxc6 38. Nh4 Nxh4 39. Rxh4 Bf5 40. d5 Qd6 41. Rc4
Qe5 42. Qxe5 fxe5 43. Rc7 Rd8 44. d6 Rxd6 45. Rxf7+ Kg6 46. Ra7 Bd3 47. g4 e4
48. Kg2 Kf6 49. f4 exf3+ 50. Kxf3 Bb5 51. Bc2 Rc6 52. Be4 Rc3+ 53. Kf4 Rxh3 54.
Rh7 Bc4 55. Rxh6+ 1/2-1/2

[Event "TCh-RUS Rapid 2017"]
[Site "Sochi RUS"]
[Date "2017.10.03"]
[Round "5.3"]
[Board "2"]
[White "Artemiev, Vladislav"]
[Black "Rozum, Ivan"]
[Result "1-0"]
[WhiteTitle "GM"]
[BlackTitle "GM"]
[WhiteElo "2696"]
[BlackElo "2586"]
[WhiteTeam "Rook (Republic of Tatarstan)"]
[BlackTeam "The team of the Vologda region"]
[WhiteFideId "24101605"]
[BlackFideId "24104272"]
[EventDate "2017.10.03"]

1. e4 d6 2. d4 Nf6 3. Nc3 g6 4. Nf3 Bg7 5. Be3 c6 6. a4 O-O 7. h3 Nbd7 8. a5 e5
9. dxe5 dxe5 10. Qd6 Re8 11. Bc4 Bf8 12. Qd3 h6 13. Qd2 Bb4 14. O-O Qe7 15. Ra4
Bxc3 16. Qxc3 g5 17. h4 Nh7 18. hxg5 hxg5 19. Qd2 Ndf8 20. Nxg5 Be6 21. Nxe6
Nxe6 22. Qe2 Kh8 23. Qh5 f6 24. g3 Rg8 25. Qf5 Rae8 26. Qxe6 Qxe6 27. Bxe6 Rxe6
28. Bxa7 Rd8 29. Rb4 Rd7 30. Be3 Kg7 31. Ra1 Ng5 32. Kg2 Red6 33. Ra3 Ne6 34.
Rd3 Rxd3 35. cxd3 Kf7 36. Kf1 Ke7 37. Ke2 Kd8 38. Ra4 Nc7 39. Bb6 Kc8 40. Bxc7
Kxc7 41. a6 bxa6 42. Rxa6 Rd4 43. Ra7+ Kd6 44. Kd2 Rb4 45. Kc3 Rb8 46. Rf7 Ke6
47. Rh7 Ra8 48. f4 1-0

[Event "TCh-RUS Rapid 2017"]
[Site "Sochi RUS"]
[Date "2017.10.03"]
[Round "5.5"]
[Board "1"]
[White "Moskalenko, Alexander"]
[Black "Fedoseev, Vladimir3"]
[Result "1/2-1/2"]
[WhiteTitle "IM"]
[BlackTitle "GM"]
[WhiteElo "2522"]
[BlackElo "2733"]
[WhiteTeam "AQ (Krasnodar Territory)"]
[BlackTeam "Friends of Ivan Bukavshin (Samara)"]
[WhiteFideId "4155351"]
[BlackFideId "24130737"]
[EventDate "2017.10.03"]

1. Nf3 Nf6 2. d4 e6 3. c4 b6 4. g3 Ba6 5. b3 Bb4+ 6. Bd2 Be7 7. Nc3 d5 8. cxd5
exd5 9. Bg2 O-O 10. O-O Bb7 11. Ne5 Re8 12. Rc1 h6 13. Bf4 Na6 14. Nb5 c5 15.
dxc5 bxc5 16. Nc4 Qd7 17. Nbd6 Red8 18. Nxb7 Qxb7 19. Ne3 Nb4 20. a3 Na2 21. Rc2
Qxb3 22. Qb1 Qxb1 23. Rxb1 Nc3 24. Rxc3 d4 25. Rc4 dxe3 26. Bxa8 exf2+ 27. Kxf2
Rxa8 28. Rb8+ Rxb8 29. Bxb8 a6 30. Ra4 c4 31. Rxc4 Bxa3 32. Ra4 Bc5+ 33. Kf3 Nd7
34. Bc7 Nf8 35. Rxa6 Ne6 36. Be5 Kh7 37. g4 Be7 38. e3 Kg6 39. Kg3 h5 40. Ra7
Bc5 41. gxh5+ Kf5 42. h6 gxh6 43. Rxf7+ Kxe5 44. Kg4 Bxe3 45. Re7 Kf6 46. Rxe6+
Kxe6 47. h4 Ke5 1/2-1/2

[Event "TCh-RUS Rapid 2017"]
[Site "Sochi RUS"]
[Date "2017.10.03"]
[Round "5.6"]
[Board "1"]
[White "Goryachkina, Aleksandra"]
[Black "Kurbedinov, Ramis"]
[Result "1-0"]
[WhiteTitle "WGM"]
[BlackTitle "IM"]
[WhiteElo "2478"]
[BlackElo "2309"]
[WhiteTeam "YAMAL (YANAO)"]
[BlackTeam "Our Crimea (Republic of Crimea)"]
[WhiteFideId "4147103"]
[BlackFideId "14200619"]
[EventDate "2017.10.03"]

1. d4 Nf6 2. c4 e6 3. g3 Bb4+ 4. Nd2 d5 5. Bg2 O-O 6. Nf3 dxc4 7. Qc2 Nc6 8.
Qxc4 Bd6 9. O-O e5 10. dxe5 Nxe5 11. Nxe5 Bxe5 12. Nf3 Bd6 13. e4 Ng4 14. Rd1
Qf6 15. h3 Ne5 16. Nxe5 Qxe5 17. Qb3 Be6 18. Qxb7 Qh5 19. Be3 Rab8 20. Qxa7 Rxb2
21. Qd4 Rxa2 22. Rxa2 Bxa2 23. g4 Qb5 24. Bf1 Qb8 25. e5 Be7 26. Rc1 c5 27. Qa1
Be6 28. Bxc5 Bxc5 29. Rxc5 Rd8 30. Bg2 h6 31. Ra5 Qc7 32. Ra8 g5 33. Rxd8+ Qxd8
34. Qc3 Qd1+ 35. Kh2 Qe2 36. Kg3 Kg7 37. Bf3 Qf1 38. Qd4 Qg1+ 39. Bg2 Qe1 40.
Kh2 Qe2 41. Be4 h5 42. Bf5 hxg4 43. Bxe6 fxe6 44. Qd7+ Kf8 45. Qd8+ Kf7 46. Qf6+
Ke8 47. Qxe6+ Kd8 48. Qf6+ Kd7 49. Qf5+ Ke8 50. hxg4 Qd2 51. Qe6+ Kd8 52. Qd6+
Qxd6 53. exd6 Kd7 54. Kg3 Kxd6 55. f4 Ke6 56. f5+ Kf6 57. Kf3 Ke5 58. Ke3 Kd5
59. Kd3 Kc5 60. Ke4 1-0

[Event "TCh-RUS Rapid 2017"]
[Site "Sochi RUS"]
[Date "2017.10.03"]
[Round "5.7"]
[Board "4"]
[White "Zaichikov, Andrey"]
[Black "Barskij, Vladimir"]
[Result "1-0"]
[BlackTitle "IM"]
[WhiteElo "2202"]
[BlackElo "2386"]
[WhiteTeam "Stavropol region"]
[BlackTeam "Gogol Mogol (Moscow)"]
[WhiteFideId "24176591"]
[BlackFideId "4105818"]
[EventDate "2017.10.03"]

1. e4 c5 2. Nf3 e6 3. d3 d5 4. Nbd2 Nc6 5. g3 g6 6. Bg2 Bg7 7. O-O Nf6 8. c3 O-O
9. e5 Nd7 10. d4 cxd4 11. cxd4 f6 12. exf6 Qxf6 13. Nb3 h6 14. h4 Nb6 15. Qc2
Nc4 16. Bf4 b6 17. Rad1 Bd7 18. Nbd2 Nxd2 19. Qxd2 Kh7 20. Rfe1 Rac8 21. Ne5
Nxe5 22. Bxe5 Qf5 23. Bxg7 Kxg7 24. Rc1 Qf6 25. f4 Rc4 26. Rxc4 dxc4 27. d5 Rd8
28. Re5 Bc8 29. Qe3 exd5 30. Bxd5 Kf8 31. Bxc4 1-0

[Event "TCh-RUS Rapid 2017"]
[Site "Sochi RUS"]
[Date "2017.10.04"]
[Round "6.1"]
[Board "2"]
[White "Grachev, Boris"]
[Black "Artemiev, Vladislav"]
[Result "1/2-1/2"]
[WhiteTitle "GM"]
[BlackTitle "GM"]
[WhiteElo "2645"]
[BlackElo "2696"]
[WhiteTeam "Legends of Moscow (Moscow)"]
[BlackTeam "Rook (Republic of Tatarstan)"]
[WhiteFideId "4129199"]
[BlackFideId "24101605"]
[EventDate "2017.10.03"]

1. d4 Nf6 2. c4 c6 3. Nf3 d5 4. e3 Bf5 5. Bd3 Bxd3 6. Qxd3 e6 7. O-O Nbd7 8.
Nbd2 Be7 9. b3 a5 10. a4 Bb4 11. Bb2 O-O 12. e4 Qe7 13. e5 Ng4 14. h3 Nh6 15.
Bc3 Nf5 16. Bxb4 Qxb4 17. cxd5 cxd5 18. Rfc1 Rac8 19. Nf1 Rc6 20. Ne3 Nxe3 21.
Rxc6 bxc6 22. fxe3 Rb8 23. Nd2 c5 24. Rc1 h6 25. Qc3 cxd4 26. exd4 f6 27. exf6 1/2-1/2

[Event "TCh-RUS Rapid 2017"]
[Site "Sochi RUS"]
[Date "2017.10.04"]
[Round "6.1"]
[Board "3"]
[White "Timofeev, Artyom"]
[Black "Popov, Ivan RUS"]
[Result "1/2-1/2"]
[WhiteTitle "GM"]
[BlackTitle "GM"]
[WhiteElo "2549"]
[BlackElo "2609"]
[WhiteTeam "Rook (Republic of Tatarstan)"]
[BlackTeam "Legends of Moscow (Moscow)"]
[WhiteFideId "4140419"]
[BlackFideId "4170350"]
[EventDate "2017.10.03"]

1. c4 c6 2. Nf3 d5 3. e3 Nf6 4. Nc3 a6 5. b3 Bg4 6. Be2 Nbd7 7. d4 e6 8. O-O Bd6
9. h3 Bh5 10. Qc2 O-O 11. e4 Bg6 12. Bd3 dxe4 13. Nxe4 Nxe4 14. Bxe4 Bxe4 15.
Qxe4 Nf6 16. Qe2 Qe7 17. Bb2 Ba3 18. Bc3 Bb4 19. Bb2 Ba3 20. Bc3 Bb4 1/2-1/2

[Event "TCh-RUS Rapid 2017"]
[Site "Sochi RUS"]
[Date "2017.10.04"]
[Round "6.2"]
[Board "4"]
[White "Potkin, Vladimir"]
[Black "Hasangatin, Ramil"]
[Result "1/2-1/2"]
[WhiteTitle "GM"]
[BlackTitle "GM"]
[WhiteElo "2574"]
[BlackElo "2502"]
[WhiteTeam "Legends of Moscow (Moscow)"]
[BlackTeam "Rook (Republic of Tatarstan)"]
[WhiteFideId "4131061"]
[BlackFideId "4122160"]
[EventDate "2017.10.03"]

1. d4 d6 2. e4 Nf6 3. Nc3 g6 4. Nf3 Bg7 5. Be2 O-O 6. O-O Nc6 7. d5 Nb8 8. Re1
Bg4 9. h3 Bxf3 10. Bxf3 c6 11. a4 a5 12. Be2 Na6 13. Bf1 Nb4 14. Bg5 Re8 15. Qd2
Qc7 16. Rac1 Nd7 17. f4 Rac8 18. Kh2 Nb6 19. dxc6 bxc6 20. Bh4 Rb8 21. Bf2 Red8
22. b3 Bxc3 23. Qxc3 Na2 24. Qxa5 Nxc1 25. Rxc1 Nd5 26. Qd2 Nf6 27. Bd3 d5 28.
e5 Ne4 29. Bxe4 dxe4 30. Qe1 c5 31. Qxe4 c4 32. Qxc4 Qxc4 33. bxc4 Rb4 34. Bc5
Rxc4 35. Bxe7 Ra8 36. Kg3 Raxa4 37. Rb1 Ra8 38. Kg4 Rxc2 39. g3 Rc3 40. Rb7 Rc6
41. Kg5 Rc3 42. Kg4 h6 43. Bf6 Rc6 44. h4 Rac8 45. h5 R6c7 46. Rb6 Rc6 47. Rb7
R6c7 48. Rb6 Rc6 1/2-1/2

[Event "TCh-RUS Rapid 2017"]
[Site "Sochi RUS"]
[Date "2017.10.04"]
[Round "6.2"]
[Board "2"]
[White "Andreikin, Dmitry"]
[Black "Sjugirov, Sanan"]
[Result "0-1"]
[WhiteTitle "GM"]
[BlackTitle "GM"]
[WhiteElo "2705"]
[BlackElo "2650"]
[WhiteTeam "Sima-Land Urals"]
[BlackTeam "Friends of Ivan Bukavshin (Samara)"]
[WhiteFideId "4158814"]
[BlackFideId "4189302"]
[EventDate "2017.10.03"]

1. Nf3 d5 2. d4 Nf6 3. c4 e6 4. e3 a6 5. Nbd2 c5 6. cxd5 Nxd5 7. Nb3 cxd4 8.
Nbxd4 Nf6 9. Bd2 Bd6 10. Bd3 O-O 11. Ne2 Nbd7 12. O-O Nc5 13. Bc2 Nce4 14. Bc3
Nxc3 15. Nxc3 Qe7 16. Qd4 Rd8 17. Qh4 h6 18. Rad1 Bd7 19. Ne4 Bc6 20. Rxd6 Rxd6
21. Nxd6 Qxd6 22. Nd4 Bd5 23. Bb1 Qb4 24. b3 Rc8 25. Qg3 Qd2 26. h3 Ne4 27. Bxe4
Bxe4 28. Qe5 Bd5 29. a4 Qd3 30. b4 Qg6 31. f3 Qd3 32. Re1 Qd2 33. Re2 Qxb4 34.
Kh2 Qxa4 35. Rb2 Qa3 36. Rb6 Qc5 37. Rd6 Qc7 38. e4 Bc4 39. Qg3 Rd8 40. e5 Rxd6
41. exd6 Qd7 42. Qe5 b6 43. Nc2 Bd5 44. Ne3 f6 45. Qf4 a5 46. h4 a4 47. Qb4 Qc6
48. Nd1 Kf7 49. Nc3 Qc5 50. Qxa4 Qxd6+ 51. Kh1 Qc7 52. Nb5 Qc5 53. Nd4 Qc1+ 54.
Kh2 Qf4+ 55. Kg1 Kg6 56. Qc2+ f5 57. Qf2 Kh7 58. Ne2 Qd2 59. h5 e5 60. Qxb6 Qxe2
61. Qg6+ Kh8 62. Qxf5 Qe3+ 63. Kh1 Qc1+ 0-1